| 000 | 00727 a2200193 4500 | ||
|---|---|---|---|
| 020 | _a9781599046181 | ||
| 040 |
_aDLC _bDLC |
||
| 082 | 0 | 0 | _a005.74 |
| 100 | _aNigro, Hector Oscar | ||
| 245 | 0 | 0 |
_aData mining with ontologies: implementations, findings and frameworks _bimplementations, findings and frameworks _cHector Oscar Nigro, Sandra Elizabeth Gonzalez Cisaro, Daniel Hugo Xodo |
| 260 |
_aHershey, PA : _bInformation Science Reference, _cc2008. |
||
| 300 |
_axx, 289 p. : _bill., maps ; _c29 cm. |
||
| 650 | 0 | _aData mining. | |
| 650 | 0 | _aOntologies (Information retrieval) | |
| 700 | 1 | _aNigro, Hector Oscar. | |
| 700 | 1 | _aGonzalez Cisaro, Sandra Elizabeth. | |
| 700 | 1 | _aXodo, Daniel Hugo. | |
| 942 |
_cBK _k005.74 NIG _2ddc |
||
| 999 |
_c9602 _d9602 |
||